00917nam a2200217 i 4500003000900000005001700009007000300026008004100029040003000070082002100100100003400121245006700155264006600222300003400288336002700322337003400349338002800383500021500411504004300626700003000669DO-SdBNP20241010102634.0ta241010s1967 xxu 000 0 spa d aDO-SdBNPbspacBNPHUerda a309.18bL7672221 aLipset, Seymour Martineautor10aElites in Latin America /cSeymour Martin Lipset, Aldo Solari. 1aNew York, Estados Unidos : bOxford University Press, c1967. axii, 531 páginas, c20 cm. atextobtxt2rdacontent asin mediación bn2rdamedia avolumenbnc2rdacarrier a"Resultado de un Seminario sobre Élites y Desarrollo en América Latina celebrado en la Universidad de Montevideo, Uruguay, en junio de 1965. La conferencia fue convocada conjuntamente por los dos editores." aIncluye referencias bibliográficas. 1 4aut.aSolari, Aldoeautor